| 000 | 00467nam a2200193Ia 4500 | ||
|---|---|---|---|
| 003 | LK-CoDNM | ||
| 005 | 20241206103212.0 | ||
| 008 | 010623t1974 xxu||||| |||| 00| 1 eng d | ||
| 040 |
_aLK-CoDNM _dLK-CoDNM _eLK-CoDNM |
||
| 041 | _aeng | ||
| 080 |
_a294.3:7(540) _bBUR |
||
| 100 | _aGibson,Agnes C. | ||
| 245 | _aBuddhist Art in India | ||
| 260 |
_bBhartiya _c1974 |
||
| 300 | _b228p. : 21 cm | ||
| 650 | _aBuddhism | ||
| 700 | _aGrunwedel,Albert | ||
| 942 | _cBK | ||
| 999 |
_c109246 _d109246 |
||